|
|
|
|
| LEADER |
00000cam a2200000 a 4500 |
| 001 |
018856 |
| 003 |
UAHC_CL |
| 005 |
20170803121702.0 |
| 008 |
010822b xx j 000 1 eng |
| 040 |
|
|
|a UAHC_CL
|c UAHC_CL
|d UAHC_CL
|
| 082 |
0 |
4 |
|a 658.022 S161
|
| 100 |
1 |
|
|a Salas, Eliseo
|
| 245 |
1 |
3 |
|a La pequeña empresa en el desarrollo de América Latina /
|c Eliseo Salas.
|
| 260 |
|
|
|a Venezuela
|b FUNDACOMUN
|c 1979
|
| 300 |
|
|
|a 403 p.
|
| 650 |
|
4 |
|a EMPRESAS
|z AMERICA LATINA
|
| 700 |
1 |
|
|a Espinoza, Juan Guillermo
|
| 700 |
1 |
|
|a Valle, Julio del
|
| 700 |
1 |
|
|a Samur H., Carlos E.
|
| 700 |
1 |
|
|a Rodríguez H., René
|
| 700 |
1 |
|
|a Calles, Omaira
|
| 700 |
1 |
|
|a Piñero, Paolo
|
| 700 |
1 |
|
|a Zuleta I., Guido
|
| 700 |
1 |
|
|a Mansilla, Graciela
|
| 700 |
1 |
|
|a Rojas, Rafael A.
|
| 700 |
1 |
|
|a Piedra P., Alfonso
|
| 700 |
1 |
|
|a Torres I., Moisés
|
| 700 |
1 |
|
|a Diener P., Bárbara
|
| 700 |
1 |
|
|a Cerda P., Jorge
|
| 700 |
1 |
|
|a Albuja, Carlos
|
| 700 |
1 |
|
|a Valarezo, Mario H.
|
| 700 |
1 |
|
|a Pereira I., Humberto
|
| 700 |
1 |
|
|a Francia G., Sabas
|
| 700 |
1 |
|
|a Delgado B., Luis
|
| 700 |
1 |
|
|a Pirela, Hugo
|
| 700 |
1 |
|
|a Paris, José
|
| 700 |
1 |
|
|a Dicuru, Ciro
|
| 700 |
1 |
|
|a Romero, Víctor
|
| 700 |
1 |
|
|a Castro, Juan
|
| 700 |
1 |
|
|a Violo, César
|
| 700 |
1 |
|
|a Yanes, Oscar
|
| 700 |
1 |
|
|a Triana, Humberto
|
| 900 |
|
|
|a 658.022 PEQ
|
| 942 |
|
|
|c BK
|
| 952 |
|
|
|0 0
|1 0
|4 0
|6 658_022000000000000_PEQ
|7 0
|8 General
|9 37776
|a BC
|b BC
|c General
|d 2017-08-03
|l 0
|o 658.022 PEQ
|p 1312620
|r 2026-01-13 00:00:00
|t 1
|w 2017-08-03
|y BK
|
| 999 |
|
|
|c 18856
|d 18856
|